03753njm a2200565Ia 450000100060000000300090000600500170001500800410003204000130007304000130008604100130009910000110011210000180012310000380014124500360017925000110021526000110022626000370023730000100027450000270028450502370031151100810054851100990062951100940072851100950082251101020091765000550101970000950107470001100116970000820127970000920136170000810145370001020153470000880163670001360172470000800186070000890194070001010202970001200213070001180225070000760236870000850244470000950252970001020262470000870272670000920281370001010290570000840300670000970309032946IT-RoPAU20220918181120.0131025s9999 xx 000 0 und d aIT-RoPAU cIT-RoPAU aITALIANO aAA.VV. eAutore musica gCodice autore musica SPICS: 12000 aMotivi dell'allegria (I) vol. 5 a1a ed. aMILANO bCOMBO RECORDc1970 [1a Ed.:1970] aDISCO aMusica folk, popolare. aPassa la ronda - Argentina- Wonderful Copenhagen - Marina - Ferriera - La luna nel rio - Quel motivetto che mi piace tanto - Olandesina - Ciondolo d'oro - Fox trot della nostalgia - Chitarra romana - Canta Pierrot - Pippo non lo sa aCantano Adriano Valle e Gabriella Piccinini con Rocco Bandera e suo fratello aCantano; Adriano Valle - Gabriella Piccinini con Rocco Bandera e suo fratello e coro Moderato aCantano Adriano Valle e Gabriella Piccinini con Rocco Bandera e suo fratello e coro Tango aCantano Adriano Valle e Gabriella Piccinini con Rocco Bandera e suo fratello e coro Valzer aCantano Adriano Valle e Gabriella Piccinini con Rocco Bandera e suo fratello e coro Ritmo allegro aFOLK-POPOLARE [DISCHI]eCodice MATERIA SPICS: 9950 aBarzizza PippodCodice autore musica SPICS: 13368eAutore musicapLa canzone del boscaiolo aMorbelli RiccardodCodice autore testo/musica SPICS: 13446eAutore testo/musicapLa canzone del boscaiolo aTagliapezzidCodice autore musica SPICS: 28400eAutore musicapPassa la ronda aGentili E.dCodice autore testo/musica SPICS: 6179eAutore testo/musicapPassa la ronda aRaimondi FrancadCodice autore musica SPICS: 13651eAutore musicapArgentina aLoesser FrankdCodice autore testo/musica SPICS: 15672eAutore testo/musicapWonderful Copenhagen aGranata RoccodCodice autore testo/musica SPICS: 14040eAutore testo/musicapMarina aCherubini BixiodCodice autore testo/musica SPICS: 13442eAutore testo/musicapFerriera - Ciondolo d'oro - Fox trot della nostalgia aMarshalldCodice autore musica SPICS: 28401eAutore musicapLa luna nel rio aPanzeri MariodCodice autore SPICS: 13372eAutorepLa luna nel rio - Pippo non lo sa aTestoni GiancarlodCodice autore testo/musica SPICS: 13524eAutore testo/musicapLa luna nel rio aCaslar (Casolaro) Dan (Donato)dCodice autore musica SPICS: 13369eAutore musicapQuel motivetto che mi piace tanto aGaldieri MicheledCodice autore testo/musica SPICS: 13370eAutore testo/musicapQuel motivetto che mi piace tanto aBuzzacchidCodice autore musica SPICS: 13585eAutore musicapOlandesina aSciamadCodice autore testo/musica SPICS: 28402eAutore testo/musicapOlandesina aGuglielmettidCodice autore testo/musica SPICS: 28403eAutore testo/musicapCiondolo d'oro aVitalianidCodice autore testo/musica SPICS: 28404eAutore testo/musicapFox trot della nostalgia aDi Lazzaro EldodCodice autore musica SPICS: 13500eAutore musicapChitarra romana aBruno C.dCodice autore testo/musica SPICS: 13502eAutore testo/musicapChitarra romana aBixio Cesare AndreadCodice autore testo/musica SPICS: 13441eAutore testo/musicapCanta Pierrot aKramer GornidCodice autore musica SPICS: 11552eAutore musicapPippo non lo sa aRastelli NinodCodice autore testo/musica SPICS: 13482eAutore testo/musicapPippo non lo sa